000 00770nam a2200217Ia 4500
003 GCL
008 140319s9999 xx 000 0 ara d
040 _aGCL /
_cGCL
082 0 4 _a250
_bت
100 1 _aرابطة العالم الاسلامى
245 1 0 _aندوات علمية حول الشريعة الاسلامية وحقوق الانسان فى الاسلام /
_cرابطة العالم الاسلامى
260 _a[S.N] :
_bرابطة العالم الاسلامى
300 _a191 ص
490 _a
650 0 4 _aالشريعة الاسلامية
650 0 4 _aحقوق الانسان
650 0 4 _aالفقه الاسلامى
650 0 4 _aاصول الفقه الاسلامى
650 0 4 _aالمرأة فى الاسلام
942 _2ddc
_cBK
999 _c53643
_d53643